Nosotros que nos queremos tanto / (Record no. 1294)

MARC details
000 -LEADER
campo de control de longitud fija 01588nam a22003737a 4500
008 - DATOS DE LONGITUD FIJA--INFORMACIÓN GENERAL
campo de control de longitud fija 170928s2002 cr||||| |||| 00| 0 spa d
082 04 - NÚMERO DE LA CLASIFICACIÓN DECIMAL DEWEY
Número de clasificación 708
Número de ítem N897n
110 1# - ENTRADA PRINCIPAL--NOMBRE DE ENTIDAD CORPORATIVA
Nombre de entidad corporativa o nombre de jurisdicción como elemento de entrada Acuña, Fernando.
9 (RLIN) 5985
245 10 - MENCIÓN DEL TÍTULO
Título Nosotros que nos queremos tanto /
Mención de responsabilidad, etc. Fernado Acuña, Jorge Albán, Roberto Guerrero, Adela Marín, Roxana Nagygellér, Rocío Rojo, Karla Solano, Jaime-David Tischler, Sussy Vargas y Ana de Vicente ; textos por Luis Chaves, María Montero y Jazmín Ross ; Centro Cultural de España.
250 ## - MENCION DE EDICION
Mención de edición 1a edición.
260 ## - PUBLICACIÓN, DISTRIBUCIÓN, ETC.
Lugar de publicación, distribución, etc. San José, Costa Rica :
Nombre del editor, distribuidor, etc. Centro Cultural de España,
Fecha de publicación, distribución, etc. 2002.
300 ## - DESCRIPCIÓN FÍSICA
Extensión 33 páginas :
Otras características físicas ilustraciones en color.
500 ## - NOTA GENERAL
Nota general Catálogo publicado con motivo a la exposición colectiva "Nosotros que nos queremos tanto", presentada del 29 de abril al 31 de mayo de 2002, en el Centro Cultural de España.
653 10 - TÉRMINO DE INDIZACIÓN--NO CONTROLADO
Término no controlado Arte contemporáneo
653 10 - TÉRMINO DE INDIZACIÓN--NO CONTROLADO
Término no controlado Catálogo de exhibición
653 10 - TÉRMINO DE INDIZACIÓN--NO CONTROLADO
Término no controlado Exhibiciones
653 10 - TÉRMINO DE INDIZACIÓN--NO CONTROLADO
Término no controlado Fotografía
653 10 - TÉRMINO DE INDIZACIÓN--NO CONTROLADO
Término no controlado Exhibición colectiva
653 10 - TÉRMINO DE INDIZACIÓN--NO CONTROLADO
Término no controlado Artistas costarricences
653 10 - TÉRMINO DE INDIZACIÓN--NO CONTROLADO
Término no controlado Arte - Costa RIca
700 1# - ENTRADA AGREGADA--NOMBRE PERSONAL
Nombre de persona Albán, Jorge.
9 (RLIN) 5733
700 1# - ENTRADA AGREGADA--NOMBRE PERSONAL
Nombre de persona Guerrero, Roberto.
9 (RLIN) 5986
700 1# - ENTRADA AGREGADA--NOMBRE PERSONAL
Nombre de persona Marín, Adela.
9 (RLIN) 5987
700 1# - ENTRADA AGREGADA--NOMBRE PERSONAL
Nombre de persona Nagygellér, Roxana.
9 (RLIN) 5988
700 1# - ENTRADA AGREGADA--NOMBRE PERSONAL
Nombre de persona Rojo, Rocío.
9 (RLIN) 5989
700 1# - ENTRADA AGREGADA--NOMBRE PERSONAL
Nombre de persona Solano, Karla.
9 (RLIN) 5990
700 1# - ENTRADA AGREGADA--NOMBRE PERSONAL
Nombre de persona Tischler, Jaime-David.
9 (RLIN) 5991
700 1# - ENTRADA AGREGADA--NOMBRE PERSONAL
Nombre de persona Vargas, Sussy.
9 (RLIN) 1699
700 1# - ENTRADA AGREGADA--NOMBRE PERSONAL
Nombre de persona Vicente, Ana de.
9 (RLIN) 3627
700 1# - ENTRADA AGREGADA--NOMBRE PERSONAL
Nombre de persona Chaves, Luis.
9 (RLIN) 5992
700 1# - ENTRADA AGREGADA--NOMBRE PERSONAL
Nombre de persona Montero, María.
9 (RLIN) 5993
700 1# - ENTRADA AGREGADA--NOMBRE PERSONAL
Nombre de persona Ross, Jazmín.
9 (RLIN) 5994
710 1# - ENTRADA AGREGADA--NOMBRE DE ENTIDAD CORPORATIVA
Nombre de entidad corporativa o nombre de jurisdicción como elemento de entrada Centro Cultural de España.
9 (RLIN) 2483
Holdings
Estatus retirado Estado de pérdida Fuente del sistema de clasificación o colocación Estado de daño No para préstamo Biblioteca de origen Biblioteca actual Ubicación en estantería Fecha de adquisición Total de préstamos Signatura topográfica completa Código de barras Visto por última vez Precio de reemplazo Tipo de ítem Koha
    Clasificación Decimal Dewey     Biblioteca LadoV Biblioteca LadoV   28/09/2017   708 N897n 003894 28/09/2017 28/09/2017 Material 01